[Event "Petrosian Memorial open 2012 Dimitrovgr"]
[Site " Dimitrovgrad"]
[Date "2012.06.30"]
[Round "7"]
[White "Beldyugin, Alexey"]
[Black "Abbasov, Orudj"]
[Result "1-0"]
[WhiteElo "2033"]
[BlackElo "1717"]
[PlyCount "121"]

1. d4 d5 2. c4 e6 3. Nc3 Nf6 4. Bg5 c6 5. Nf3 Nbd7 6. e3 Bd6 7. Qc2 O-O 8. Bd3
h6 9. Bh4 dxc4 10. Bxc4 b5 11. Bd3 a6 12. O-O Bb7 13. Ne4 Be7 14. Bg3 Nxe4 15.
Bxe4 Qb6 16. Rac1 Rac8 17. Rfd1 Nf6 18. Bd3 c5 19. dxc5 Rxc5 20. Qe2 Rfc8 21.
Rxc5 Bxc5 22. Bh4 Nd5 23. Ne5 Bd6 24. Qh5 Bxe5 25. Qxe5 Nb4 26. Bb1 Qc6 27. f3
Qc4 28. Bf2 Qe2 29. Qd4 Nd5 30. Re1 Qc4 31. Qa7 Qc6 32. Qd4 Qc4 33. Qe5 Nb4 34.
Rd1 Nd5 35. e4 Nf6 36. Qd6 Qc6 37. Qd3 Qc4 38. Qd6 Qc6 39. Qe7 Re8 40. Qb4 Qc7
41. Qd4 Qc4 42. Qxc4 bxc4 43. Rd4 Rc8 44. Be1 Kf8 45. Bb4+ Kg8 46. a3 e5 47.
Rd6 Rc6 48. Rd8+ Kh7 49. Bc3 Rc5 50. Rb8 Bc6 51. Rc8 Nd7 52. Bb4 Nb6 53. Rc7
Na8 54. Rxf7 Rb5 55. Ba2 a5 56. Bc3 Rc5 57. Re7 Nb6 58. Bxe5 h5 59. Bd4 Rb5 60.
Rxg7+ Kh6 61. Re7 1-0

[Event "Petrosian Memorial open 2012 Dimitrovgr"]
[Site " Dimitrovgrad"]
[Date "2012.06.30"]
[Round "7"]
[White "Lazutin, Valerij"]
[Black "Plychek, Viktor"]
[Result "1-0"]
[WhiteElo "1975"]
[BlackElo "1823"]
[PlyCount "73"]

1. c4 g6 2. Nc3 Bg7 3. g3 c5 4. Bg2 Nc6 5. Nf3 e6 6. O-O Nge7 7. e3 d5 8. cxd5
Nxd5 9. d4 cxd4 10. exd4 O-O 11. Re1 Nb6 12. Bg5 Qd7 13. Ne5 Qxd4 14. Nxc6 bxc6
15. Bxc6 Qc5 16. Bxa8 Nxa8 17. Be3 Qc6 18. Qa4 Qf3 19. Qe4 Qxe4 20. Nxe4 Bxb2
21. Rab1 Bg7 22. Bxa7 Ba6 23. Rb8 f5 24. Nc5 Bc4 25. Rxf8+ Bxf8 26. a4 Kf7 27.
Rc1 Bd5 28. Nd7 Bd6 29. Nb6 Nxb6 30. Bxb6 Bb7 31. a5 g5 32. Bc7 Ke7 33. Bxd6+
Kxd6 34. Rb1 Bd5 35. a6 h5 36. a7 Ke5 37. Rb8 1-0

[Event "Petrosian Memorial open 2012 Dimitrovgr"]
[Site " Dimitrovgrad"]
[Date "2012.06.30"]
[Round "7"]
[White "Akimov, Gennadiy"]
[Black "Elkina, Yuliya"]
[Result "1-0"]
[WhiteElo "1925"]
[BlackElo "1605"]
[PlyCount "123"]

1. b3 b6 2. Bb2 Bb7 3. e3 Nf6 4. d4 e6 5. Nf3 Be7 6. Nbd2 d6 7. Bd3 Nbd7 8. O-O
O-O 9. e4 c5 10. c3 Rc8 11. Qe2 Qc7 12. Rfe1 Qb8 13. Nf1 Nh5 14. Qd2 Nhf6 15.
Ng3 cxd4 16. cxd4 Rc7 17. Rad1 Rfc8 18. Bb1 a5 19. h3 Qa8 20. Qf4 a4 21. h4 a3
22. Ba1 d5 23. e5 Ne8 24. Ng5 Bxg5 25. Qxg5 Nf8 26. Nh5 Ng6 27. Rd3 Qa5 28.
Red1 b5 29. Rg3 Rd7 30. Nxg7 Nxg7 31. h5 Qd8 32. hxg6 fxg6 33. Qd2 Qe7 34. Bc3
Ra8 35. Bb4 Qd8 36. Bd3 Qb6 37. Bc5 Qa5 38. b4 Qa6 39. Rh3 Bc6 40. g4 Ne8 41.
f4 Rg7 42. Rf1 Qc8 43. Qe2 Rb8 44. Bb1 Rbb7 45. Rxa3 Rbf7 46. Rg3 Nc7 47. Kh2
Na6 48. Bd6 Nc7 49. Rc3 Be8 50. Rfc1 Qb7 51. Kg3 Qa7 52. Qd2 Qb7 53. Rc5 Qb6
54. Qc3 Na6 55. Rc8 Nc7 56. Bxc7 Rxc7 57. Rxc7 Rxc7 58. Qxc7 Qxd4 59. Qc3 Qa7
60. f5 gxf5 61. gxf5 Qg7+ 62. Kf2 1-0

[Event "Petrosian Memorial open 2012 Dimitrovgr"]
[Site " Dimitrovgrad"]
[Date "2012.06.30"]
[Round "7"]
[White "Skulkin, Nikolay"]
[Black "Ishpulaeva, Veronika"]
[Result "1-0"]
[WhiteElo "1772"]
[BlackElo "1623"]
[PlyCount "75"]

1. e4 c5 2. Nf3 d6 3. d4 cxd4 4. Nxd4 Nf6 5. Nc3 g6 6. Be3 Bg7 7. Be2 O-O 8. g4
Qa5 9. f3 Nc6 10. Nb3 Qc7 11. Qd2 Be6 12. Bh6 Rac8 13. h4 Ne5 14. Bxg7 Kxg7 15.
h5 Rh8 16. h6+ Kf8 17. O-O-O Bxb3 18. axb3 Qa5 19. Kb1 Rc6 20. g5 Nh5 21. Rhg1
Rg8 22. f4 Nd7 23. Bb5 Rc7 24. Nd5 Qxb5 25. Nxc7 Qc6 26. Nd5 Nc5 27. Qe3 e6 28.
Nc3 Ke7 {[%emt 0:00:00]} 29. f5 {[%emt 0:00:10]} a5 {[%emt 0:00:02]} 30. fxe6
fxe6 31. Rgf1 Rc8 32. Qf3 Qe8 33. Nb5 Nxe4 34. Qxe4 Qxb5 35. Qf3 Qc5 36. Qf7+
Kd8 37. Qf8+ Kd7 38. Rf7+ 1-0

[Event "Petrosian Memorial open 2012 Dimitrovgr"]
[Site " Dimitrovgrad"]
[Date "2012.06.30"]
[Round "7"]
[White "Abrashkov, Vadim"]
[Black "Hafijtullin, Gazimbek"]
[Result "1-0"]
[WhiteElo "1500"]
[BlackElo "1770"]
[PlyCount "79"]

1. d4 d5 2. c4 c6 3. Nc3 Nf6 4. e3 g6 5. Bd2 Bg7 6. Nf3 O-O 7. c5 b6 8. b4 bxc5
9. bxc5 Bg4 10. Be2 Nbd7 11. h3 Bxf3 12. Bxf3 e5 13. O-O exd4 14. exd4 Re8 15.
Be3 Ne4 16. Bxe4 dxe4 17. Qc2 f5 18. Rab1 Qh4 19. Qb3+ Kh8 20. Ne2 h6 21. Qb7
Nf6 22. Nf4 Kh7 23. g3 Qg5 24. Ne6 Rxe6 25. Bxg5 Rae8 26. Bxf6 Rxf6 27. Qxa7 g5
28. Rb7 Rg6 29. Re7 Rd8 30. Rd7 Re8 31. Qc7 h5 32. Rd6 Ree6 33. Rxe6 Rxe6 34.
Qd7 Rf6 35. d5 cxd5 36. Qxd5 Kg6 37. Rb1 h4 38. Rb6 hxg3 39. Rxf6+ Bxf6 40.
fxg3 1-0

[Event "Petrosian Memorial open 2012 Dimitrovgr"]
[Site " Dimitrovgrad"]
[Date "2012.06.30"]
[Round "7"]
[White "Sychov, Vladimir"]
[Black "Guliev, Fahrutdin"]
[Result "0-1"]
[WhiteElo "1539"]
[BlackElo "1783"]
[PlyCount "88"]

1. e4 e5 2. Bc4 Nf6 3. d3 c6 4. h3 d5 5. exd5 cxd5 6. Bb5+ Bd7 7. Bxd7+ Qxd7 8.
Nf3 Nc6 9. O-O h6 10. Nh2 Bc5 11. c3 Bb6 12. Kh1 O-O 13. a4 a6 14. b3 Rad8 15.
Ba3 Rfe8 16. Bb2 Qf5 17. Qf3 Qg6 18. Qg3 Qf5 19. Qf3 Qg6 20. Ng4 Nxg4 21. hxg4
Bc7 22. Nd2 e4 23. dxe4 dxe4 24. Qf5 Qd6 25. g3 Qxd2 26. Rab1 Qd5 27. Qh5 e3+
28. Qxd5 Rxd5 29. f4 Rd2 30. Rfe1 e2 31. Kg2 Na5 32. Ba3 Ra2 33. Bc5 f6 34. b4
Nc4 35. a5 Na3 36. Rbc1 Nc2 37. Rxc2 Rxc2 38. Bd4 Kf7 39. Kf2 g6 40. f5 gxf5
41. gxf5 Be5 42. Rxe2 Rxe2+ 43. Kxe2 Bxd4+ 44. Kd3 Ba7 0-1

[Event "Petrosian Memorial open 2012 Dimitrovgr"]
[Site " Dimitrovgrad"]
[Date "2012.07.01"]
[Round "8"]
[White "Rusakov, Vladimir"]
[Black "Yakimkin, Igor"]
[Result "1/2-1/2"]
[WhiteElo "2060"]
[BlackElo "2240"]
[PlyCount "35"]

1. d4 Nf6 2. Nf3 g6 3. Bg5 Bg7 4. c4 c5 5. e3 cxd4 6. exd4 d5 7. Nc3 dxc4 8.
Bxc4 O-O 9. d5 Nbd7 10. O-O Nb6 11. Bb3 Bf5 12. Re1 h6 13. Bf4 g5 14. Be5 Nc8
15. Nd4 Bg6 16. Qf3 Nd6 17. Bxd6 exd6 18. Nf5 1/2-1/2

[Event "Petrosian Memorial open 2012 Dimitrovgr"]
[Site " Dimitrovgrad"]
[Date "2012.07.01"]
[Round "8"]
[White "Beldyugin, Alexey"]
[Black "Bezvitelnov, Dmitriy"]
[Result "1/2-1/2"]
[WhiteElo "2033"]
[BlackElo "1796"]
[PlyCount "66"]

1. Nf3 Nf6 2. b3 d5 3. Bb2 c5 4. e3 Nc6 5. Bb5 Bg4 6. h3 Bh5 7. g4 Bg6 8. Ne5
Qc7 9. f4 e6 10. O-O a6 11. Bxc6+ bxc6 12. d3 Nd7 13. Qf3 f6 14. Nxd7 Qxd7 15.
e4 O-O-O 16. Nc3 h5 17. Na4 Qa7 18. exd5 hxg4 19. hxg4 cxd5 20. Kg2 Bd6 21. Rh1
f5 22. Qe3 Qe7 23. g5 d4 24. Qf3 Kb8 25. Qc6 Qb7 26. Qxb7+ Kxb7 27. Rxh8 Rxh8
28. Re1 Bf7 29. b4 cxb4 30. Bxd4 Rc8 31. c4 bxc3 32. Rb1+ Kc7 33. Bxc3 Bxf4
1/2-1/2

[Event "Petrosian Memorial open 2012 Dimitrovgr"]
[Site " Dimitrovgrad"]
[Date "2012.07.01"]
[Round "8"]
[White "Lazutin, Valerij"]
[Black "Akimov, Gennadiy"]
[Result "1-0"]
[WhiteElo "1975"]
[BlackElo "1925"]
[PlyCount "87"]

1. c4 e5 2. Nc3 d6 3. g3 Nc6 4. Bg2 Be6 5. d3 f5 6. Nf3 Be7 7. Nd5 Bxd5 8. cxd5
Nb8 9. h4 h6 10. Bh3 g6 11. h5 g5 12. Bxf5 Nf6 13. Bg6+ Kf8 14. Bxg5 Nxd5 15.
Bxe7+ Qxe7 16. Qb3 c6 17. Nh4 Na6 18. Be4 Nc5 19. Ng6+ Ke8 20. Nxe7 Nxb3 21.
Nxd5 Nxa1 22. Ne3 Ke7 23. Kd2 d5 24. Bg6 Raf8 25. f3 Nb3+ 26. axb3 Kd6 27. b4
Ra8 28. Rh4 Ke6 29. f4 Raf8 30. f5+ Kd6 31. Ng4 b6 32. f6 Ke6 33. f7 Ra8 34.
Rh1 c5 35. b5 a6 36. Rf1 axb5 37. Rf6+ Ke7 38. Rxb6 Rab8 39. Rxb8 Rxb8 40. Nxh6
c4 41. Nf5+ Kf6 42. Nd6 Kg7 43. Ne8+ Kf8 44. h6 1-0

[Event "Petrosian Memorial open 2012 Dimitrovgr"]
[Site " Dimitrovgrad"]
[Date "2012.07.01"]
[Round "8"]
[White "Plychek, Viktor"]
[Black "Skulkin, Nikolay"]
[Result "0-1"]
[WhiteElo "1823"]
[BlackElo "1772"]
[PlyCount "66"]

1. c4 Nf6 2. b3 d5 3. d4 c6 4. Nf3 e6 5. a3 c5 6. e3 a6 7. Be2 Nbd7 8. O-O Qc7
9. Bb2 b6 10. Nbd2 Bb7 11. Rc1 Rc8 12. Qc2 Qb8 13. Qb1 Be7 14. Ng5 h5 15. Ngf3
Rg8 16. dxc5 g5 17. cxb6 Bd6 18. g3 h4 19. Ne1 hxg3 20. fxg3 Bxg3 21. hxg3
Qxg3+ 22. Ng2 dxc4 23. e4 Rh8 24. Bxf6 Rh2 25. Rf2 Nxf6 26. Nf1 Rh1+ 27. Kxh1
Qxf2 28. Ng3 Qxg3 29. Rxc4 Rxc4 30. bxc4 Nxe4 31. Qf1 Nf2+ 32. Kg1 Nh3+ 33. Kh1
Nf4 0-1

[Event "Petrosian Memorial open 2012 Dimitrovgr"]
[Site " Dimitrovgrad"]
[Date "2012.07.01"]
[Round "8"]
[White "Elkina, Yuliya"]
[Black "Abrashkov, Vadim"]
[Result "1-0"]
[WhiteElo "1605"]
[BlackElo "1500"]
[PlyCount "39"]

1. f4 g6 2. Nf3 Bg7 3. e3 e6 4. Be2 Ne7 5. Nc3 b6 6. b3 Bb7 7. Bb2 O-O 8. d3 d6
9. Qd2 Nd7 10. g4 c5 11. h4 a6 12. h5 b5 13. e4 d5 14. hxg6 Nxg6 15. f5 exf5
16. gxf5 Nge5 17. Nxe5 Nxe5 18. O-O-O d4 19. Rdg1 Kh8 20. Rxg7 1-0

[Event "Petrosian Memorial open 2012 Dimitrovgr"]
[Site " Dimitrovgrad"]
[Date "2012.07.01"]
[Round "8"]
[White "Guliev, Fahrutdin"]
[Black "Hafijtullin, Gazimbek"]
[Result "0-1"]
[WhiteElo "1783"]
[BlackElo "1770"]
[PlyCount "60"]

1. d4 Nf6 2. Nf3 g6 3. e3 Bg7 4. Bd3 d5 5. h3 b6 6. O-O O-O 7. b3 c5 8. c4 cxd4
9. exd4 Bb7 10. Bb2 Nc6 11. Nc3 Nb4 12. Be2 Ne4 13. a3 Nxc3 14. Bxc3 Nc6 15.
Bb2 e6 16. cxd5 Qxd5 17. Bc4 Qd6 18. b4 Rfd8 19. Ng5 Nxd4 20. Qg4 h5 21. Qd1
Qc6 22. f3 Qxc4 23. Kh1 Nxf3 24. Qb1 Nd2 25. Rc1 Qd5 26. Nf3 Nxb1 27. Bxg7 Kxg7
28. Raxb1 Qa2 29. Ra1 Qf2 30. Rf1 Qg3 0-1

[Event "Petrosian Memorial open 2012 Dimitrovgr"]
[Site " Dimitrovgrad"]
[Date "2012.07.01"]
[Round "8"]
[White "Ishpulaeva, Veronika"]
[Black "Turaev, Rahmon"]
[Result "1-0"]
[WhiteElo "1623"]
[BlackElo "1526"]
[PlyCount "67"]

1. e4 g6 2. d4 Bg7 3. Nf3 d6 4. Bc4 Nd7 5. Nc3 e6 6. O-O Ne7 7. Be3 b6 8. Qd2
O-O 9. Bh6 Bb7 10. Bxg7 Kxg7 11. Qg5 h6 12. Qg3 Rc8 13. Nh4 Nf6 14. Rae1 d5 15.
exd5 Nexd5 16. Nxd5 Nxd5 17. Nf3 Qd6 18. Ne5 c5 19. dxc5 Rxc5 20. Bd3 Ne7 21.
Qe3 Bd5 22. Qd4 f6 23. Nc4 Qc6 24. Ne3 e5 25. Qg4 f5 26. Qe2 e4 27. Nxd5 Nxd5
28. Bxe4 fxe4 29. Qxe4 Rxc2 30. Qe5+ Kh7 31. Rd1 Rf5 32. Qd4 Qf6 33. Qe4 Qe5
34. Qxc2 1-0

[Event "Petrosian Memorial open 2012 Dimitrovgr"]
[Site " Dimitrovgrad"]
[Date "2012.07.01"]
[Round "9"]
[White "Yakimkin, Igor"]
[Black "Elkina, Yuliya"]
[Result "1-0"]
[WhiteElo "2240"]
[BlackElo "1605"]
[PlyCount "65"]

1. e4 b6 2. d4 Bb7 3. Bd3 e6 4. Qe2 Be7 5. f4 Nf6 6. Nf3 d6 7. c3 c5 8. Nbd2
Nbd7 9. e5 dxe5 10. fxe5 Nd5 11. Ne4 h6 12. O-O cxd4 13. cxd4 Nb4 14. Bc4 Bd5
15. b3 a6 16. a3 b5 17. axb4 bxc4 18. bxc4 Bxe4 19. Qxe4 Bxb4 20. Qg4 Bf8 21.
d5 exd5 22. cxd5 Qb6+ 23. Kh1 h5 24. Qa4 Be7 25. Bg5 Qb4 26. Qc6 Rd8 27. e6
fxe6 28. dxe6 O-O 29. exd7 Qc5 30. Qe6+ Rf7 31. Ne5 Bxg5 32. Nxf7 Qe3 33. Nxd8+
1-0

[Event "Petrosian Memorial open 2012 Dimitrovgr"]
[Site " Dimitrovgrad"]
[Date "2012.07.01"]
[Round "9"]
[White "Skulkin, Nikolay"]
[Black "Beldyugin, Alexey"]
[Result "0-1"]
[WhiteElo "1772"]
[BlackElo "2033"]
[PlyCount "70"]

1. e4 e6 2. d4 d5 3. Nc3 Nf6 4. Bg5 Be7 5. e5 Nfd7 6. Bxe7 Qxe7 7. f4 a6 8. Nf3
c5 9. Be2 Nc6 10. Qd2 b5 11. Nd1 f6 12. c3 Bb7 13. O-O Rc8 14. Ne3 fxe5 15.
Nxe5 O-O 16. Rae1 Ndxe5 17. fxe5 Rc7 18. Bd1 cxd4 19. cxd4 Qb4 20. Rxf8+ Kxf8
21. Rf1+ Ke8 22. Qf2 Nxd4 23. Nc2 Nxc2 24. Bxc2 h6 25. Bg6+ Kd8 26. Qf8+ Qxf8
27. Rxf8+ Kd7 28. Rf7+ Kc6 29. Rxc7+ Kxc7 30. Bf7 Kd7 31. Kf2 d4 32. g3 Be4 33.
h3 g6 34. h4 Ke7 35. Bg8 h5 0-1

[Event "Petrosian Memorial open 2012 Dimitrovgr"]
[Site " Dimitrovgrad"]
[Date "2012.07.01"]
[Round "9"]
[White "Rusakov, Vladimir"]
[Black "Lazutin, Valerij"]
[Result "1-0"]
[WhiteElo "2060"]
[BlackElo "1975"]
[PlyCount "83"]

1. d4 d5 2. Nf3 Nf6 3. e3 c6 4. Bd3 Bg4 5. Nbd2 Nbd7 6. b3 e6 7. Bb2 Be7 8. O-O
O-O 9. Qb1 Bh5 10. Ne5 Bg6 11. Nxg6 hxg6 12. f4 Ng4 13. Rf3 f5 14. h3 Ngf6 15.
Qd1 Kf7 16. g4 Rh8 17. g5 Nh5 18. h4 Bd6 19. Qf1 Qc7 20. c4 Nxf4 21. exf4 Rxh4
22. Rh3 Rah8 23. Rxh4 Rxh4 24. Nf3 Rg4+ 25. Kh1 Bxf4 26. Bc1 Qb8 27. Bxf4 Qxf4
28. cxd5 exd5 29. Re1 Rh4+ 30. Nxh4 Qxh4+ 31. Kg2 Qxg5+ 32. Kf3 Qg4+ 33. Ke3
Nf6 34. Qf4 Qg2 35. Re2 Qg1+ 36. Kd2 Ne4+ 37. Bxe4 dxe4 38. Rxe4 Qg2+ 39. Re2
Qg1 40. Qc7+ Kg8 41. Qb8+ Kf7 42. Qe8+ 1-0

[Event "Petrosian Memorial open 2012 Dimitrovgr"]
[Site " Dimitrovgrad"]
[Date "2012.07.01"]
[Round "9"]
[White "Bezvitelnov, Dmitriy"]
[Black "Akimov, Gennadiy"]
[Result "1-0"]
[WhiteElo "1796"]
[BlackElo "1925"]
[PlyCount "42"]

1. d4 d5 2. c4 e6 3. Nc3 Nf6 4. Bg5 Be7 5. e3 O-O 6. Nf3 c6 7. Bd3 h6 8. Bh4
Nbd7 9. O-O Nh7 10. Bxe7 Qxe7 11. Ne5 Nxe5 12. dxe5 f5 13. cxd5 cxd5 14. Nb5 g5
15. f4 gxf4 16. exf4 Qc5+ 17. Kh1 Bd7 18. Nd6 Bc6 19. Qh5 Qe3 20. Rf3 Qd2 21.
Rg3+ Kh8 1-0

[Event "Petrosian Memorial open 2012 Dimitrovgr"]
[Site " Dimitrovgrad"]
[Date "2012.07.01"]
[Round "9"]
[White "Koblik, Ekaterina"]
[Black "Ulanov, Sergei"]
[Result "0-1"]
[WhiteElo "1508"]
[BlackElo "2118"]
[PlyCount "68"]

1. e4 c5 2. Bc4 e6 3. Nc3 a6 4. a4 Nc6 5. Nf3 Qc7 6. d3 Nf6 7. Be3 Be7 8. O-O
O-O 9. Qe2 Ng4 10. h3 Nxe3 11. fxe3 Ne5 12. Nxe5 Qxe5 13. Rad1 Bd6 14. Rf3 Qh2+
15. Kf2 b6 16. Rf1 Bb7 17. Ke1 f5 18. Rxf5 Rxf5 19. Rxf5 Bg3+ 20. Kd2 d5 21.
Bxd5 exd5 22. exd5 Rd8 23. Qf3 Bc8 24. Rh5 Rf8 25. Qe4 g6 26. Rg5 Bf5 27. Qf3
Bh4 28. Rxf5 Rxf5 29. Qe2 Rf2 30. Qxf2 Bxf2 31. Ke2 Qxg2 32. Ne4 Bg3+ 33. Kd1
Qf1+ 34. Kd2 Qe1# 0-1

[Event "Petrosian Memorial open 2012 Dimitrovgr"]
[Site " Dimitrovgrad"]
[Date "2012.07.01"]
[Round "9"]
[White "Hafijtullin, Gazimbek"]
[Black "Plychek, Viktor"]
[Result "1-0"]
[WhiteElo "1770"]
[BlackElo "1823"]
[PlyCount "55"]

1. e4 e5 2. c4 Nf6 3. Nc3 Bc5 4. g3 O-O 5. Bg2 d6 6. h3 Be6 7. d3 a6 {[%emt 0:
00:00]} 8. Nge2 Qc8 9. Bg5 Ne8 10. Be7 f5 11. Bxf8 Kxf8 12. exf5 Bxf5 13. a3 c6
14. Ne4 Ba7 15. N2c3 Nd7 16. Qf3 Ndf6 17. g4 Bxe4 18. Nxe4 Kg8 19. O-O Bd4 20.
Rab1 d5 21. Ng3 g5 22. b4 Qd7 23. c5 b6 24. Rfc1 Qe7 25. Nf5 Qa7 26. Nxd4 exd4
27. Qf5 Qg7 28. cxb6 1-0

[Event "Petrosian Memorial open 2012 Dimitrovgr"]
[Site " Dimitrovgrad"]
[Date "2012.07.01"]
[Round "9"]
[White "Abrashkov, Vadim"]
[Black "Lebedev, Viktor"]
[Result "0-1"]
[WhiteElo "1500"]
[BlackElo "1719"]
[PlyCount "46"]

1. d4 f5 2. c4 e6 3. Nf3 Nf6 4. Bg5 Be7 5. e3 c6 6. Nc3 d5 7. c5 O-O 8. Be2 h6
9. Bxf6 Bxf6 10. Qc2 a5 11. a4 b6 12. cxb6 Qxb6 13. O-O Na6 14. Bxa6 Bxa6 15.
Rfc1 Rfc8 16. b3 Rab8 17. Rab1 Be7 18. Ne5 Qa7 19. Qd1 c5 20. Nf3 c4 21. Ne5
Ba3 22. Rc2 cxb3 23. Rd2 Rxc3 0-1

[Event "Petrosian Memorial open 2012 Dimitrovgr"]
[Site " Dimitrovgrad"]
[Date "2012.07.01"]
[Round "9"]
[White "Turaev, Rahmon"]
[Black "Sychov, Vladimir"]
[Result "1/2-1/2"]
[WhiteElo "1526"]
[BlackElo "1539"]
[PlyCount "126"]

1. e4 e5 2. Nf3 Nc6 3. Bc4 d6 4. h3 Be7 5. d4 Bd7 6. c3 h6 7. Be3 Nf6 8. Nbd2
a6 9. Qb3 O-O 10. Qc2 Na7 11. h4 Bg4 12. b4 Nh7 13. dxe5 Bxf3 14. Nxf3 dxe5 15.
Rd1 Qc8 16. Nxe5 Bd6 17. Ng6 Re8 18. Qb3 Re6 19. Bxe6 fxe6 20. e5 Bf8 21. h5
Qe8 22. Qc4 c6 23. Bb6 Qf7 24. Qd4 Nb5 25. Qd3 Nc7 26. Bxc7 Qxc7 27. Qd7 Qxd7
28. Rxd7 b6 29. f4 c5 30. Nxf8 Nxf8 31. Rb7 cxb4 32. cxb4 a5 33. b5 Rc8 34. O-O
Rc2 35. Rf2 Rc1+ 36. Kh2 Rb1 37. Rxb6 Nd7 38. Rd6 Nc5 39. Rc2 Rxb5 40. Rc6 Nd3
41. g3 Ne1 42. Rf2 Nd3 43. Rd2 Ne1 44. Rc3 Rb1 45. Re2 Rd1 46. Rce3 Nd3 47. Kg2
{[%emt 0:00:00]} Nb4 48. g4 Nd5 49. Rf3 Rd4 50. Kg3 Rd1 51. f5 Kf7 52. Kg2 Rd4
53. Kh3 Nf4+ 54. Rxf4 Rxf4 55. Kg3 Rf1 56. Rf2 Re1 57. Kf4 Ra1 58. g5 hxg5+ 59.
Kxg5 exf5 60. Kxf5 Rh1 61. e6+ Ke7 62. Kg6 Rg1+ 63. Kf5 Rh1 1/2-1/2